000 00697cab a2200229 4500
001 WB3304-17
008 090401t1997 xxu||||| |||| 00| 0 eng d
035 _a(Sirsi) u33001
041 _aeng
245 _aBuildings insurance
260 _c1997
350 _a0
490 _aRICS Press Release
_v(F2.res) 16 January 1997, (3)
520 _aAdvises homeowners to ensure they have the correct rebuilding cost insurance for their home by having a professional evaluation every five years.
650 _aBUILDINGS INSURANCE
650 _aABOUT RICS-RICS MEMBERS
650 _aHOUSE REBUILDING COSTS
650 _aRICS
690 _aInsurance
_96249
942 _n0
948 _c04/03/1997
999 _c22054
_d22054